[Event "WA Open Blitz Championship"]
[Site "Chess.com"]
[Date "2020.05.25"]
[Round "?"]
[White "Razmov, Valentin"]
[Black "Vega, Isaac"]
[Result "1-0"]
[WhiteElo "1986"]
[BlackElo "1972"]
[PlyCount "95"]
[EventDate "2020.??.??"]
[EventType "blitz"]

1. d4 Nf6 2. c4 g6 3. Nc3 Bg7 4. e4 d6 5. Nf3 O-O 6. Be2 e5 7. O-O Nc6 8. d5
Ne7 9. b4 Nh5 10. Re1 Nf4 11. Bf1 a5 12. bxa5 Rxa5 13. a4 b6 14. g3 Nh3+ 15.
Kg2 f5 16. Ng5 Nxg5 17. Bxg5 f4 18. Be2 Bf6 19. Bxf6 Rxf6 20. Bg4 g5 21. h3 Ng6
22. Nb5 Nh8 23. Ra3 Nf7 24. Bxc8 Qxc8 25. Qg4 Qf8 26. Nxc7 Qg7 27. Ne6 Qg6 28.
Rb1 h5 29. Qe2 f3+ 30. Rxf3 Rxf3 31. Qxf3 g4 32. Qf5 gxh3+ 33. Kxh3 Qxf5+ 34.
exf5 Rxa4 35. Rxb6 Rxc4 36. f3 Nh6 37. Rxd6 Nxf5 38. Rd8+ Kh7 39. Ng5+ Kg6 40.
Ne4 Rd4 41. d6 Ne3 42. d7 Rd1 43. Kh2 Nf1+ 44. Kg2 Ne3+ 45. Kf2 Nf5 46. Rg8+
Kf7 47. d8=Q Rxd8 48. Rxd8 1-0

[Event "WA Open Blitz Championship"]
[Site "Chess.com"]
[Date "2020.05.25"]
[Round "?"]
[White "Lenderman, Aleksandr"]
[Black "Moore, Michael"]
[Result "1-0"]
[WhiteElo "2717"]
[BlackElo "1950"]
[PlyCount "73"]
[EventDate "2020.??.??"]
[EventType "blitz"]

1. Nf3 d5 2. e3 c6 3. c4 Bg4 4. h3 Bh5 5. g4 Bg6 6. cxd5 cxd5 7. Qb3 Qc8 8. Nc3
e6 9. Ne5 Nf6 10. d4 Be7 11. Bd2 O-O 12. Rc1 Nc6 13. Nxg6 hxg6 14. g5 Nh5 15.
h4 Qd7 16. Be2 Rab8 17. Qd1 e5 18. Bg4 Qd6 19. Nb5 Qd8 20. Bxh5 gxh5 21. Qxh5
a6 22. Nc3 exd4 23. exd4 Nxd4 24. Qg4 Bc5 25. Be3 Re8 26. Kf1 Ne6 27. Bxc5 Nxc5
28. Rd1 Qa5 29. Rxd5 Qb6 30. Qd4 Rbc8 31. h5 Re6 32. h6 Rg6 33. hxg7 Rxg7 34.
Qh4 Kf8 35. Qh8+ Rg8 36. Qh6+ Ke7 37. Qxb6 1-0

[Event "WA Open Blitz Championship"]
[Site "Chess.com"]
[Date "2020.05.25"]
[Round "?"]
[White "Moore, Michael"]
[Black "Lugovskoy, Maxim"]
[Result "0-1"]
[WhiteElo "1950"]
[BlackElo "2453"]
[PlyCount "64"]
[EventDate "2020.??.??"]
[EventType "blitz"]

1. d4 e6 2. c4 d5 3. Nf3 a6 4. g3 dxc4 5. Bg2 Nc6 6. O-O Rb8 7. Na3 b5 8. Nc2
Bb7 9. Bf4 Nf6 10. Re1 Bd6 11. Bg5 h6 12. Bxf6 Qxf6 13. e4 Bb4 14. e5 Qe7 15.
Re3 Rd8 16. a3 Ba5 17. Qe2 Bb6 18. Rd1 Na5 19. Nb4 c5 20. dxc5 Bxc5 21. Rxd8+
Qxd8 22. Rc3 O-O 23. Nc2 Nb3 24. h4 Nc1 25. Qe1 Nd3 26. Qf1 Nxf2 27. Kh2 Ng4+
28. Kh1 f6 29. Qe2 fxe5 30. Nxe5 Bxg2+ 31. Kxg2 Rf2+ 32. Qxf2 Nxf2 0-1

[Event "WA Open Blitz Championship"]
[Site "Chess.com"]
[Date "2020.05.25"]
[Round "?"]
[White "Moore, Michael"]
[Black "Vijayakumar, Advaith"]
[Result "1-0"]
[WhiteElo "1950"]
[BlackElo "2026"]
[PlyCount "59"]
[EventDate "2020.??.??"]
[EventType "blitz"]

1. d4 Nf6 2. c4 g6 3. Nc3 Bg7 4. e4 d6 5. h3 O-O 6. Be3 e5 7. d5 c6 8. g4 Ne8
9. Qd2 f5 10. gxf5 gxf5 11. exf5 Bxf5 12. Nge2 Nf6 13. Ng3 Bg6 14. Be2 Na6 15.
h4 Nc7 16. h5 Bf7 17. Nf5 Bxh5 18. Bxh5 cxd5 19. cxd5 Qd7 20. Nxg7 Qxg7 21.
O-O-O Kh8 22. Bh6 Qd7 23. Bxf8 Rxf8 24. Rdg1 Rc8 25. Qg5 Ncxd5 26. Kb1 Nxc3+
27. bxc3 Ne4 28. Qg4 Nxc3+ 29. Ka1 Qc7 30. Bf7 1-0

[Event "WA Open Blitz Championship"]
[Site "Chess.com"]
[Date "2020.05.25"]
[Round "?"]
[White "Moore, Michael"]
[Black "Raptis, Nick"]
[Result "1/2-1/2"]
[WhiteElo "1950"]
[BlackElo "2393"]
[PlyCount "88"]
[EventDate "2020.??.??"]
[EventType "blitz"]

1. d4 Nf6 2. c4 g6 3. Nc3 Bg7 4. e4 d6 5. h3 O-O 6. Be3 c5 7. d5 e6 8. Nf3 exd5
9. exd5 Re8 10. Bd3 Bh6 11. Qd2 Qe7 12. Nd1 Ne4 13. Bxe4 Qxe4 14. Rc1 Nd7 15.
O-O Bxe3 16. Nxe3 Ne5 17. Nxe5 Rxe5 18. Rfe1 Qf4 19. Qd3 Bd7 20. Nf1 Rae8 21.
Rxe5 Qxe5 22. Qb3 b6 23. Rc3 Qe1 24. Rf3 Qb1 25. Re3 Rxe3 26. fxe3 Bf5 27. Kf2
Qc1 28. Qc3 Qxc3 29. bxc3 Bd3 30. Nd2 f5 31. g4 fxg4 32. hxg4 Kg7 33. g5 h6 34.
gxh6+ Kxh6 35. e4 g5 36. Ke3 Bc2 37. Nf1 Kg6 38. Ng3 Kf6 39. Nf5 Ke5 40. Ne7
Bxe4 41. Nc6+ Kf5 42. Ne7+ Ke5 43. Nc6+ Kf5 44. Ne7+ Ke5 1/2-1/2

[Event "WA Open Blitz Championship"]
[Site "Chess.com"]
[Date "2020.05.25"]
[Round "?"]
[White "Breckenridge, Steven"]
[Black "Moore, Michael"]
[Result "1-0"]
[WhiteElo "2306"]
[BlackElo "1950"]
[PlyCount "75"]
[EventDate "2020.??.??"]
[EventType "blitz"]

1. e4 c5 2. c3 e6 3. d4 d5 4. exd5 exd5 5. Nf3 Nc6 6. Bb5 Bd6 7. dxc5 Bxc5 8.
O-O Nge7 9. Nbd2 O-O 10. Nb3 Bb6 11. Re1 Be6 12. Be3 Bxe3 13. Rxe3 a6 14. Be2
Nf5 15. Rd3 Qf6 16. Qd2 Rfd8 17. Rd1 Nd6 18. Qg5 Ne4 19. Qxf6 Nxf6 20. Nfd4 Ne5
21. R3d2 Rac8 22. Rc2 Nc4 23. Bf3 Kf8 24. Re2 Ne4 25. Bxe4 dxe4 26. Nxe6+ fxe6
27. Rde1 b6 28. Nd4 e5 29. Ne6+ Ke7 30. Nxd8 Rxd8 31. Rxe4 Nxb2 32. Rxe5+ Kf6
33. Re6+ Kf7 34. Rxb6 Nc4 35. Rxa6 Rd2 36. Rb1 Nb2 37. a4 Nd1 38. Rb7+ 1-0

[Event "WA Open Blitz Championship"]
[Site "Chess.com"]
[Date "2020.05.25"]
[Round "?"]
[White "Moore, Michael"]
[Black "Sohal, Tanraj"]
[Result "0-1"]
[WhiteElo "1950"]
[BlackElo "2326"]
[PlyCount "68"]
[EventDate "2020.??.??"]
[EventType "blitz"]

1. d4 Nf6 2. c4 e6 3. Nf3 d5 4. g3 Nc6 5. cxd5 exd5 6. Bg2 h6 7. O-O Bd6 8. Nc3
O-O 9. Nb5 Bg4 10. Nxd6 cxd6 11. h3 Bf5 12. Be3 Qd7 13. Kh2 Rfe8 14. Qb3 Na5
15. Qb4 Nc4 16. Bc1 Rxe2 17. b3 a5 18. Qc3 Rc2 19. Qe1 Re8 20. Be3 Nxe3 21.
fxe3 Rxg2+ 22. Kxg2 Bxh3+ 23. Kg1 Bxf1 24. Kxf1 Qh3+ 25. Ke2 Ng4 26. Qxa5 Qg2+
27. Kd1 Qxf3+ 28. Kc2 Qe2+ 29. Kc3 Rxe3+ 30. Kb4 Qd2+ 31. Ka4 Qxd4+ 32. Ka3
Qxa1 33. Qd8+ Kh7 34. Kb4 Qxa2 0-1

[Event "WA Open Blitz Championship"]
[Site "Chess.com"]
[Date "2020.05.25"]
[Round "?"]
[White "Vidyarthi, Omya"]
[Black "Lugovskoy, Maxim"]
[Result "1-0"]
[WhiteElo "1934"]
[BlackElo "2453"]
[PlyCount "145"]
[EventDate "2020.??.??"]
[EventType "blitz"]

1. d4 e6 2. c4 d5 3. Nc3 a6 4. cxd5 exd5 5. Qc2 Nf6 6. Bg5 c6 7. e3 Be7 8. Bd3
Nbd7 9. Nge2 O-O 10. O-O Re8 11. f3 Nf8 12. Rae1 Be6 13. Bh4 Rc8 14. Bf2 c5 15.
Qd2 b5 16. e4 b4 17. Nxd5 Nxd5 18. exd5 Bxd5 19. dxc5 Bc4 20. Rd1 Bxd3 21. Qxd3
Qxd3 22. Rxd3 Bxc5 23. Bxc5 Rxc5 24. Nd4 Rd5 25. Rfd1 Red8 26. Kf2 f5 27. Ke3
Ng6 28. Nc6 Re8+ 29. Kf2 Rc5 30. Nxb4 Nf4 31. R3d2 Rb5 32. Nxa6 Rbe5 33. g3
Nh3+ 34. Kg2 Ng5 35. f4 Ra5 36. Nc7 Re7 37. Nd5 Rxd5 38. Rxd5 Ne4 39. Rd8+ Kf7
40. R1d7 Ke6 41. Rxe7+ Kxe7 42. Ra8 h5 43. b4 Kd6 44. Ra7 g5 45. fxg5 Nxg5 46.
Ra5 Ke6 47. b5 Kd6 48. b6 Kc6 49. Rxf5 Ne4 50. Rxh5 Nc3 51. Rh6+ Kb7 52. a3 Nd1
53. a4 Ne3+ 54. Kf3 Nc4 55. a5 Nxa5 56. g4 Nc4 57. Kf4 Nb2 58. g5 Nd3+ 59. Ke3
Ne5 60. Ke4 Ng4 61. Rh7+ Kxb6 62. Kf5 Ne3+ 63. Ke6 Ng2 64. g6 Nf4+ 65. Kf7 Nd3
66. g7 Ne5+ 67. Ke6 Nc6 68. g8=Q Ka6 69. Qc8+ Kb6 70. Rb7+ Kc5 71. Rc7 Kb6 72.
Rxc6+ Ka7 73. Ra6# 1-0

[Event "WA Open Blitz Championship"]
[Site "Chess.com"]
[Date "2020.05.25"]
[Round "?"]
[White "Vidyarthi, Vyom"]
[Black "Vidyarthi, Omya"]
[Result "1/2-1/2"]
[WhiteElo "2247"]
[BlackElo "1934"]
[PlyCount "33"]
[EventDate "2020.??.??"]
[EventType "blitz"]

1. d4 d5 2. c4 c6 3. Nf3 Nf6 4. cxd5 cxd5 5. Nc3 Nc6 6. Bf4 a6 7. e3 e6 8. Bd3
Bd6 9. Bxd6 Qxd6 10. O-O O-O 11. Rc1 Bd7 12. Qe2 b5 13. a3 Na5 14. b4 Nc4 15.
Bxc4 bxc4 16. Ne5 Bb5 17. Rfd1 1/2-1/2

[Event "WA Open Blitz Championship"]
[Site "Chess.com"]
[Date "2020.05.25"]
[Round "?"]
[White "Bell, Harry"]
[Black "Vidyarthi, Omya"]
[Result "0-1"]
[WhiteElo "2000"]
[BlackElo "1934"]
[PlyCount "74"]
[EventDate "2020.??.??"]
[EventType "blitz"]

1. Nf3 d5 2. d4 Nf6 3. Bf4 c5 4. e3 e6 5. c3 Bd6 6. dxc5 Bxc5 7. Bd3 O-O 8. O-O
h6 9. Nbd2 Bd6 10. Ne5 Nc6 11. Ndf3 Nxe5 12. Bxe5 b6 13. Qe2 Qc7 14. Bxd6 Qxd6
15. Rfd1 Bb7 16. h3 Qe7 17. Ne5 Qc7 18. f4 Nd7 19. Nxd7 Qxd7 20. e4 Qc7 21. Qe3
Rad8 22. exd5 Bxd5 23. Be4 Bxe4 24. Qxe4 Rxd1+ 25. Rxd1 Rd8 26. Rxd8+ Qxd8 27.
Qe2 Qd6 28. g3 Qd5 29. b3 Qc5+ 30. Kg2 Qxc3 31. h4 Qc6+ 32. Kh2 Qd5 33. Qa6 Qd7
34. a4 Kh7 35. Qc4 Qd2+ 36. Kh3 Qd1 37. Qe4+ g6 0-1

[Event "WA Open Blitz Championship"]
[Site "Chess.com"]
[Date "2020.05.25"]
[Round "?"]
[White "Vidyarthi, Omya"]
[Black "Sohal, Tanraj"]
[Result "0-1"]
[WhiteElo "1934"]
[BlackElo "2326"]
[PlyCount "110"]
[EventDate "2020.??.??"]
[EventType "blitz"]

1. d4 Nf6 2. Bg5 d5 3. Bxf6 exf6 4. e3 Bd6 5. c4 dxc4 6. Bxc4 O-O 7. Nc3 c6 8.
Nge2 f5 9. O-O g6 10. Rc1 Nd7 11. Bb3 Nf6 12. Bc2 Qe7 13. Qd2 Be6 14. f3 Bc7
15. e4 Qd7 16. Qe3 Rfe8 17. Ba4 b5 18. Bc2 Bb6 19. Rfd1 Bc4 20. Kh1 fxe4 21.
fxe4 Qe7 22. e5 Rad8 23. Qf3 Nd5 24. Ne4 Bxe2 25. Qxe2 f5 26. Nf2 Nf4 27. Bb3+
Kg7 28. Qe3 Ne6 29. Bxe6 Qxe6 30. b3 Qd5 31. Qg5 Bxd4 32. Qf6+ Kg8 33. Rxc6
Qxe5 34. Qxe5 Bxe5 35. Rxd8 Rxd8 36. Rc2 Kf7 37. Kg1 Bd4 38. Kf1 Bb6 39. Ke2
Kf6 40. Nd3 Rd7 41. Rc6+ Kg5 42. Rc3 h6 43. Ne1 Re7+ 44. Kf1 Ba5 45. Nf3+ Kf6
46. Rc6+ Kf7 47. Nh4 Bb6 48. Nxg6 Re4 49. g3 Rd4 50. Nf4 Rd1+ 51. Kg2 Rd2+ 52.
Kh3 Rxa2 53. Rxh6 Bg1 54. Rh7+ Kg8 55. Rc7 Rxh2# 0-1

[Event "WA Open Blitz Championship"]
[Site "Chess.com"]
[Date "2020.05.25"]
[Round "?"]
[White "Vega, Isaac"]
[Black "Vidyarthi, Omya"]
[Result "0-1"]
[WhiteElo "1972"]
[BlackElo "1934"]
[PlyCount "58"]
[EventDate "2020.??.??"]
[EventType "blitz"]

1. e4 e5 2. Nf3 Nc6 3. Bb5 a6 4. Ba4 Nf6 5. O-O b5 6. Bb3 Be7 7. Re1 d6 8. c3
O-O 9. h3 Nb8 10. d4 Nbd7 11. Bc2 Bb7 12. Nbd2 Re8 13. Nf1 Bf8 14. Ng3 g6 15.
Bg5 h6 16. Be3 Bg7 17. Qd2 Kh7 18. Nh2 c6 19. Ng4 Nxg4 20. hxg4 exd4 21. cxd4
c5 22. d5 Bxb2 23. Bxh6 Bxa1 24. Rxa1 Qf6 25. Bg5 Qxa1+ 26. Kh2 Ne5 27. Qf4 Rh8
28. Bf6 Nxg4+ 29. Qxg4 Qxf6 0-1

[Event "WA Open Blitz Championship"]
[Site "Chess.com"]
[Date "2020.05.25"]
[Round "?"]
[White "Vidyarthi, Omya"]
[Black "Moore, Michael"]
[Result "0-1"]
[WhiteElo "1934"]
[BlackElo "1950"]
[PlyCount "130"]
[EventDate "2020.??.??"]
[EventType "blitz"]

1. d4 Nf6 2. Bg5 d5 3. Bxf6 exf6 4. e3 Bd6 5. c4 dxc4 6. Bxc4 c6 7. Nc3 O-O 8.
Nge2 Nd7 9. O-O f5 10. Bb3 Nf6 11. Bc2 Re8 12. Qd2 Ne4 13. Nxe4 fxe4 14. Nc3
Qh4 15. g3 Qg4 16. Qd1 Qg6 17. d5 Bg4 18. Qd4 c5 19. Qc4 Bf3 20. Bd1 Re5 21.
Bxf3 exf3 22. Rfd1 a6 23. a4 Rae8 24. Qd3 Qh5 25. e4 Rg5 26. Nb1 Qh3 27. Qxf3
Rh5 28. Qg2 Qxg2+ 29. Kxg2 Rxe4 30. Nc3 Rb4 31. Rd2 Re5 32. f4 Re3 33. Kf2 Re7
34. Re1 Kf8 35. Rxe7 Kxe7 36. Ke3 b5 37. axb5 axb5 38. Ne4 c4 39. Nc3 Bc5+ 40.
Kf3 Bd6 41. Ke4 g6 42. Kd4 Kd7 43. Re2 Bf8 44. Ne4 Bg7+ 45. Ke3 Bxb2 46. Rc2
Bg7 47. Ng5 f6 48. Ne4 f5 49. Nc3 Rb3 50. Kd2 Bxc3+ 51. Rxc3 Rxc3 52. Kxc3 Kd6
53. Kd4 h6 54. h3 g5 55. fxg5 hxg5 56. h4 gxh4 57. gxh4 f4 58. Ke4 c3 59. Kd3
f3 60. h5 f2 61. Ke2 c2 62. h6 c1=Q 63. h7 Qh6 64. h8=Q Qxh8 65. Kxf2 Qe5 0-1

[Event "WA Open Blitz Championship"]
[Site "Chess.com"]
[Date "2020.05.25"]
[Round "?"]
[White "Breckenridge, Steven"]
[Black "Vidyarthi, Omya"]
[Result "1-0"]
[WhiteElo "2306"]
[BlackElo "1934"]
[PlyCount "65"]
[EventDate "2020.??.??"]
[EventType "blitz"]

1. e4 e5 2. Nf3 Nc6 3. Bc4 Bc5 4. b4 Bxb4 5. c3 Ba5 6. d4 exd4 7. O-O dxc3 8.
Qb3 Qf6 9. e5 Qg6 10. Nxc3 Nge7 11. Ne2 O-O 12. Nf4 Qf5 13. Bd3 Qg4 14. h3 Qxf3
15. gxf3 Nxe5 16. Bc2 d6 17. Bb2 g5 18. Nh5 Bxh3 19. f4 Bxf1 20. fxe5 Be2 21.
Nf6+ Kg7 22. exd6 cxd6 23. Nh5+ Kg8 24. Nf6+ Kg7 25. Qh3 Rh8 26. Nd5+ Kf8 27.
Qh6+ Ke8 28. Bxh8 Nxd5 29. Qxd6 Rd8 30. Qe5+ Kf8 31. Qxe2 Kg8 32. Qh5 Kxh8 33.
Qxh7# 1-0

[Event "WA Open Blitz Championship"]
[Site "Chess.com"]
[Date "2020.05.25"]
[Round "?"]
[White "Vidyarthi, Omya"]
[Black "Lenderman, Aleksandr"]
[Result "0-1"]
[WhiteElo "1934"]
[BlackElo "2717"]
[PlyCount "88"]
[EventDate "2020.??.??"]
[EventType "blitz"]

1. d4 d5 2. c4 e6 3. Nc3 a6 4. cxd5 exd5 5. Qc2 c5 6. e3 Nc6 7. Nf3 Nf6 8. a3
cxd4 9. exd4 Be7 10. Be2 O-O 11. O-O Bg4 12. Be3 Bd6 13. h3 Bh5 14. Ng5 Bg6 15.
Bd3 Bxd3 16. Qxd3 h6 17. Nf3 Re8 18. Rac1 Rc8 19. b4 Bb8 20. Na4 Ne4 21. Nd2
Qd6 22. f4 Nxd2 23. Qxd2 Ne7 24. Rxc8 Rxc8 25. Nc5 Nf5 26. Nxb7 Qe7 27. Nc5
Qxe3+ 28. Qxe3 Nxe3 29. Rf3 Nf5 30. Rd3 Bxf4 31. Rf3 Nxd4 32. Rf1 Bd6 33. Nxa6
Rc6 34. Rd1 Ne2+ 35. Kf2 Nc3 36. Rd3 Ne4+ 37. Ke3 Rxa6 38. Rxd5 Nc3 39. Rd3 Nb5
40. Ke4 Rxa3 41. Rd5 Nc3+ 42. Kd4 Nxd5 43. Kxd5 Bxb4 44. Kc4 Be7 0-1

[Event "WA Open Blitz Championship"]
[Site "Chess.com"]
[Date "2020.05.25"]
[Round "?"]
[White "Ackerman, Ryan"]
[Black "Sohal, Tanraj"]
[Result "1/2-1/2"]
[WhiteElo "1922"]
[BlackElo "2326"]
[PlyCount "93"]
[EventDate "2020.??.??"]
[EventType "blitz"]

1. d4 Nf6 2. c4 e6 3. Nc3 Bb4 4. Qc2 O-O 5. a3 Bxc3+ 6. Qxc3 d6 7. Bg5 Nbd7 8.
Nf3 Qe8 9. Qc2 e5 10. e3 exd4 11. Nxd4 Ne4 12. Bh4 a6 13. Be2 Nec5 14. O-O Ne6
15. Rad1 Nxd4 16. exd4 Nb6 17. b4 Qd7 18. Bf3 d5 19. cxd5 Nxd5 20. Bxd5 Qxd5
21. Qxc7 Be6 22. Qc5 Qe4 23. d5 Bxd5 24. Qxd5 Qxh4 25. Qxb7 a5 26. b5 Qa4 27.
Rd3 Rab8 28. Qe7 Qxb5 29. Qe3 Rfe8 30. Qd2 a4 31. h3 h6 32. Rd1 Qc5 33. Qc3 Qe7
34. Rg3 Qf8 35. Rd7 Rb1+ 36. Kh2 Rbe1 37. Qc4 R1e4 38. Qc7 R4e7 39. Rxe7 Qxe7
40. Qf4 Qe6 41. Qxa4 Rc8 42. Qg4 Qxg4 43. Rxg4 Rc2 44. Rg3 Rxf2 45. Kg1 Ra2 46.
Kf1 g5 47. Re3 1/2-1/2

[Event "WA Open Blitz Championship"]
[Site "Chess.com"]
[Date "2020.05.25"]
[Round "?"]
[White "Ackerman, Ryan"]
[Black "Vega, Isaac"]
[Result "0-1"]
[WhiteElo "1922"]
[BlackElo "1972"]
[PlyCount "84"]
[EventDate "2020.??.??"]
[EventType "blitz"]

1. d4 Nf6 2. c4 g6 3. Nc3 Bg7 4. e4 d6 5. Be2 O-O 6. Bg5 c5 7. d5 e6 8. Nf3
exd5 9. exd5 Re8 10. O-O h6 11. Bf4 g5 12. Bg3 Bf5 13. Bd3 Bxd3 14. Qxd3 Nh5
15. Rfe1 Rf8 16. Nd2 f5 17. f4 Nxg3 18. Qxg3 g4 19. Re6 Na6 20. Rae1 Nc7 21.
Re7 Bf6 22. R7e2 Qd7 23. a4 Rae8 24. b3 Rxe2 25. Rxe2 Re8 26. Rxe8+ Qxe8 27.
Nb5 Nxb5 28. axb5 Bd4+ 29. Kf1 Qe3 30. Qxe3 Bxe3 31. Ke2 Bxf4 32. Nf1 Kf7 33.
g3 Be5 34. Ne3 Kf6 35. Ng2 h5 36. Ke3 Kg5 37. Kd3 f4 38. gxf4+ Bxf4 39. Nxf4
Kxf4 40. b4 b6 41. bxc5 bxc5 42. Ke2 h4 0-1

[Event "WA Open Blitz Championship"]
[Site "Chess.com"]
[Date "2020.05.25"]
[Round "?"]
[White "Sairam, Pranav"]
[Black "Ackerman, Ryan"]
[Result "1-0"]
[WhiteElo "2087"]
[BlackElo "1922"]
[PlyCount "63"]
[EventDate "2020.??.??"]
[EventType "blitz"]

1. e4 e6 2. Qe2 Be7 3. g3 d5 4. d3 Nf6 5. Bg2 c5 6. Nf3 Nc6 7. O-O b6 8. e5 Nd7
9. c4 d4 10. Re1 Bb7 11. h4 h6 12. Nbd2 Qc7 13. Nf1 O-O-O 14. Bd2 Rdg8 15. a3
g5 16. hxg5 hxg5 17. g4 Rg6 18. b4 Qd8 19. b5 Ncb8 20. a4 Qg8 21. a5 Qh7 22.
axb6 Rh6 23. Ng3 Rh1+ 24. Nxh1 Bxf3 25. Qxf3 Qh2+ 26. Kf1 axb6 27. Ra8 Kd8 28.
Qb7 Ke8 29. Rxb8+ Nxb8 30. Qxb8+ Bd8 31. Bc6+ Ke7 32. Qd6# 1-0

[Event "WA Open Blitz Championship"]
[Site "Chess.com"]
[Date "2020.05.25"]
[Round "?"]
[White "Ackerman, Ryan"]
[Black "Bell, Harry"]
[Result "1-0"]
[WhiteElo "1922"]
[BlackElo "2000"]
[PlyCount "147"]
[EventDate "2020.??.??"]
[EventType "blitz"]

1. d4 d5 2. c4 dxc4 3. Nf3 Nf6 4. e3 e6 5. Bxc4 c5 6. O-O a6 7. a4 b6 8. Qe2
Bb7 9. Rd1 Qc7 10. Nc3 Nbd7 11. Ba2 Be7 12. d5 exd5 13. Nxd5 Nxd5 14. Bxd5 O-O
15. Bxb7 Qxb7 16. Bd2 Bf6 17. Bc3 Bxc3 18. bxc3 Nf6 19. Rd3 Qc7 20. Rad1 a5 21.
h3 Rfd8 22. Qd2 Rxd3 23. Qxd3 Kf8 24. Qd6+ Qxd6 25. Rxd6 Rb8 26. Ne5 Ke7 27.
Rc6 Rb7 28. f3 Nd5 29. c4 Nxe3 30. Kf2 Nc2 31. Rc8 f6 32. Rg8 Ke6 33. Nd3 Kf7
34. Rh8 h6 35. Nf4 Na3 36. Nh5 Nxc4 37. Rh7 Kg8 38. Nxf6+ Kf8 39. Nd5 Kg8 40.
Nf6+ Kf7 41. Ng4 Kg6 42. Rh8 Nd6 43. Rd8 Nf7 44. Rd2 Kh7 45. Rb2 Rb8 46. Ne3
Kg6 47. Nc4 Nd8 48. Rxb6+ Rxb6 49. Nxb6 Nc6 50. Nc4 Kf5 51. Ke3 Ke6 52. Ke4 g6
53. h4 Nb4 54. Nxa5 Kd6 55. Nc4+ Kc6 56. Ne5+ Kb6 57. Nxg6 Ka5 58. f4 Kxa4 59.
f5 Nc6 60. f6 Nd8 61. Ne5 Nf7 62. Nxf7 c4 63. Ne5 Kb3 64. Nxc4 Kxc4 65. f7 Kc3
66. f8=Q Kd2 67. Qf3 Kc2 68. g4 h5 69. g5 Kd2 70. g6 Ke1 71. g7 Kd2 72. g8=Q
Kc1 73. Qgg2 Kb1 74. Qff1# 1-0

[Event "WA Open Blitz Championship"]
[Site "Chess.com"]
[Date "2020.05.25"]
[Round "?"]
[White "Vidyarthi, Omya"]
[Black "Ackerman, Ryan"]
[Result "1-0"]
[WhiteElo "1934"]
[BlackElo "1922"]
[PlyCount "107"]
[EventDate "2020.??.??"]
[EventType "blitz"]

1. d4 d5 2. c4 c6 3. cxd5 cxd5 4. Nc3 Nf6 5. Nf3 Nc6 6. Be3 a6 7. Bf4 Bg4 8. a4
Bxf3 9. exf3 e6 10. Be2 Qb6 11. O-O Qxd4 12. Be3 Qb4 13. Qd2 d4 14. Na2 Qxa4
15. Bf4 Be7 16. b3 Qxb3 17. Rfb1 Qd5 18. Rxb7 O-O 19. Rc1 Ba3 20. Rc2 Rfd8 21.
Bc4 Qa5 22. Bxe6 fxe6 23. Rxc6 Qxd2 24. Bxd2 Rab8 25. Rbb6 Rxb6 26. Rxb6 Rd6
27. Rb7 Nd5 28. Kf1 Rb6 29. Rxb6 Nxb6 30. Ke2 Kf7 31. Kd3 e5 32. f4 Ke6 33.
fxe5 Kxe5 34. Bb4 Bb2 35. Bf8 g6 36. Nb4 a5 37. Nc6+ Kd5 38. Nxa5 Bc3 39. Nb3
Nc4 40. Bg7 Nb2+ 41. Kc2 Kc4 42. Bxd4 Bxd4 43. Nxd4 Kxd4 44. Kxb2 Kd3 45. f4
Ke4 46. g3 Kf3 47. Kc2 Kg4 48. Kd3 Kh3 49. Ke3 Kxh2 50. Kf3 h5 51. g4 h4 52. f5
gxf5 53. gxf5 Kg1 54. Kg4 1-0

[Event "WA Open Blitz Championship"]
[Site "Chess.com"]
[Date "2020.05.25"]
[Round "?"]
[White "Ackerman, Ryan"]
[Black "Razmov, Valentin"]
[Result "0-1"]
[WhiteElo "1922"]
[BlackElo "1986"]
[PlyCount "84"]
[EventDate "2020.??.??"]
[EventType "blitz"]

1. d4 d5 2. c4 c6 3. Nf3 Nf6 4. Nc3 e6 5. Bg5 Be7 6. e3 h6 7. Bh4 O-O 8. Bd3 b6
9. b3 Bb7 10. O-O Nbd7 11. cxd5 cxd5 12. Rc1 a6 13. Bb1 Nh5 14. Bxe7 Qxe7 15.
Qd3 Nhf6 16. Ne5 Rac8 17. Nxd7 Qxd7 18. f3 Rfd8 19. Rcd1 Qc7 20. Ne2 e5 21.
dxe5 Qxe5 22. Nf4 Rc3 23. Qf5 Rxe3 24. Qxe5 Rxe5 25. Rd4 Kf8 26. Rfd1 Bc6 27.
b4 Ke7 28. Bc2 Ne8 29. Bb3 Nc7 30. Kf2 g5 31. Nd3 Re6 32. f4 Rf6 33. Ke3 Ne6
34. fxg5 hxg5 35. Rg4 Rf5 36. Ne1 d4+ 37. Kd2 Rf2+ 38. Kc1 f5 39. Rg3 f4 40.
Rg4 Be4 41. Bxe6 Kxe6 42. Rxg5 Rc8+ 0-1

[Event "WA Open Blitz Championship"]
[Site "Chess.com"]
[Date "2020.05.25"]
[Round "?"]
[White "Raptis, Nick"]
[Black "Jones, Davey"]
[Result "1-0"]
[WhiteElo "2393"]
[BlackElo "1819"]
[PlyCount "47"]
[EventDate "2020.??.??"]
[EventType "blitz"]

1. d4 Nf6 2. Nc3 d5 3. Bg5 g6 4. Nf3 Bg7 5. e3 O-O 6. Bd3 c5 7. O-O b6 8. Ne5
Bb7 9. f4 Ne8 10. Bh4 Nd6 11. Qf3 e6 12. Bxd8 Rxd8 13. Nb5 Nxb5 14. Bxb5 Na6
15. c3 Nc7 16. Bd3 Ne8 17. g4 f6 18. Nxg6 hxg6 19. Bxg6 Nd6 20. Qh3 Nf7 21.
Qh7+ Kf8 22. h4 Nh6 23. g5 Nf5 24. gxf6 1-0

[Event "WA Open Blitz Championship"]
[Site "Chess.com"]
[Date "2020.05.25"]
[Round "?"]
[White "Semenov, Fedya"]
[Black "Vidyarthi, Vyom"]
[Result "0-1"]
[WhiteElo "1803"]
[BlackElo "2247"]
[PlyCount "74"]
[EventDate "2020.??.??"]
[EventType "blitz"]

1. e4 e5 2. Nf3 Nc6 3. Bb5 a6 4. Ba4 Nf6 5. O-O Be7 6. c3 d6 7. h3 Nxe4 8. Re1
Nf6 9. Bxc6+ bxc6 10. d4 e4 11. Ng5 d5 12. Bf4 h6 13. h4 hxg5 14. hxg5 Nh5 15.
Bh2 Bxg5 16. f3 Bf5 17. Nd2 Bxd2 18. Qxd2 Qh4 19. fxe4 Bxe4 20. Bxc7 O-O 21.
Qf2 Qxf2+ 22. Kxf2 f5 23. Be5 Nf6 24. Kg3 g5 25. Rh1 f4+ 26. Kf2 Ng4+ 27. Ke2
Nxe5 28. dxe5 Kg7 29. e6 Rh8 30. e7 Rxh1 31. Rxh1 Re8 32. Kf2 Rxe7 33. Rh5 Kg6
34. Rh8 Bd3 35. Rg8+ Kf5 36. Rf8+ Kg4 37. Rc8 Re2+ 0-1

[Event "WA Open Blitz Championship"]
[Site "Chess.com"]
[Date "2020.05.25"]
[Round "?"]
[White "Ackerman, Ryan"]
[Black "Semenov, Fedya"]
[Result "1-0"]
[WhiteElo "1922"]
[BlackElo "1803"]
[PlyCount "127"]
[EventDate "2020.??.??"]
[EventType "blitz"]

1. d4 Nf6 2. c4 e6 3. Nc3 Bb4 4. Qc2 O-O 5. a3 Be7 6. e4 d5 7. cxd5 exd5 8. e5
Ne4 9. Nxe4 dxe4 10. Qxe4 Nc6 11. Be3 Be6 12. Bb5 Bd5 13. Qg4 a6 14. Bxc6 bxc6
15. Bh6 g6 16. Bxf8 Bxf8 17. Nf3 Rb8 18. b4 h5 19. Qf4 Kh7 20. Ng5+ Kg8 21. O-O
Bh6 22. h4 Qd7 23. Rad1 a5 24. bxa5 Rb5 25. Qd2 Qg4 26. f4 Qxh4 27. a6 Qg4 28.
a7 Ra5 29. Rf2 Rxa7 30. Ra1 Kg7 31. a4 h4 32. a5 Bxg5 33. fxg5 h3 34. Qf4 Qxf4
35. Rxf4 hxg2 36. Rg4 Ra6 37. Rg3 Ra7 38. Rc3 Ra6 39. Rc5 Kf8 40. Rc2 Ke7 41.
Rxg2 Bxg2 42. Kxg2 Ke6 43. Kf3 Kf5 44. Ke3 Kxg5 45. Kd3 Kf5 46. Kc4 Ke6 47. Kc5
g5 48. Kb4 g4 49. Rf1 Kd5 50. Rf4 g3 51. Rg4 g2 52. Rxg2 Kxd4 53. Rd2+ Kxe5 54.
Rc2 Kd6 55. Rd2+ Ke6 56. Re2+ Kd7 57. Rd2+ Kc8 58. Rf2 c5+ 59. Kb5 Kb7 60. Rxf7
Rh6 61. Rf5 Rf6 62. Rxf6 c4 63. Kxc4 c6 64. Kc5 1-0

[Event "WA Open Blitz Championship"]
[Site "Chess.com"]
[Date "2020.05.25"]
[Round "?"]
[White "Breckenridge, Steven"]
[Black "Gottumukkala, Anath"]
[Result "1-0"]
[WhiteElo "2306"]
[BlackElo "1785"]
[PlyCount "123"]
[EventDate "2020.??.??"]
[EventType "blitz"]

1. e4 d6 2. d4 Nf6 3. Nc3 g6 4. Bg5 c6 5. f4 Nbd7 6. e5 Nd5 7. Ne4 f6 8. exf6
exf6 9. Qe2 Kf7 10. Bh4 Nxf4 11. Qf3 g5 12. Bg3 d5 13. Bxf4 dxe4 14. Qxe4 gxf4
15. O-O-O Nb6 16. Qxf4 Qd6 17. Qf2 Bg4 18. Rd3 Bh6+ 19. Kb1 Rhe8 20. h3 Bd7 21.
Nf3 Kg7 22. Be2 Bf5 23. Rdd1 Be3 24. Nh4 Bxf2 25. Nxf5+ Kh8 26. Nxd6 Rxe2 27.
Nxb7 Rb8 28. Na5 Na4 29. Nb3 c5 30. dxc5 Nxc5 31. Nc1 Re7 32. Rhf1 Bh4 33. Rd5
Rb5 34. c4 Ra5 35. b4 Ra4 36. bxc5 Rb7+ 37. Nb3 Rxc4 38. Rfd1 a5 39. Rd8+ Kg7
40. R1d7+ Rxd7 41. Rxd7+ Kg6 42. Rd4 Rxd4 43. Nxd4 Bf2 44. c6 Bg3 45. Nb5 Kf5
46. c7 Bxc7 47. Nxc7 Kf4 48. Nd5+ Kg3 49. Nxf6 h6 50. h4 Kxh4 51. Ng8 Kg3 52.
Nxh6 Kxg2 53. Kb2 Kf3 54. Kb3 Ke4 55. Kc4 Ke5 56. Kc5 Ke6 57. Kc6 Ke7 58. Nf5+
Kd8 59. Kb7 Kd7 60. a4 Kd8 61. Nd4 Kd7 62. Nc6 1-0